The crusade against capital punishment in Great Britain
| 1. VerfasserIn: | |
|---|---|
| Beteiligte: | |
| Medienart: | Druck Buch |
| Sprache: | Englisch |
| Veröffentlicht: |
London [u.a.]
Stevens [u.a.]
1961
|
| In: |
Library of criminology (4)
Jahr: 1961 |
| Bestand in Tübingen: | In Tübingen vorhanden. IFK: S XVI 4 UB: KB 19 A 1395 |
| Bestand in Albert-Krebs Bibliothek: | LG.20.013 2015-649 |
| Verfügbarkeit prüfen: | HBZ Gateway |
| Subito Bestelldienst: | Jetzt bestellen. |
| Schlagwörter: |
MARC
| LEADER | 00000cam a2200000 c 4500 | ||
|---|---|---|---|
| 001 | 1076590268 | ||
| 003 | DE-627 | ||
| 005 | 20260206193827.0 | ||
| 007 | tu | ||
| 008 | 850101s1961 xxk||||| 00| ||eng c | ||
| 035 | |a (DE-627)1076590268 | ||
| 035 | |a (DE-603)046475222 | ||
| 035 | |a (DE-576)006590268 | ||
| 035 | |a (DE-599)BSZ006590268 | ||
| 035 | |a (OCoLC)00272716 | ||
| 035 | |a (OCoLC)422272527 | ||
| 040 | |a DE-627 |b ger |c DE-627 |e rakwb | ||
| 041 | |a eng | ||
| 044 | |c XA-GB |c XD-US | ||
| 050 | 0 | |a KD7885.C3 | |
| 082 | 0 | |a 343.230942 | |
| 084 | |a 2,1 |2 ssgn | ||
| 084 | |a PH 6164 |2 rvk |0 (DE-625)rvk/136408:405 | ||
| 084 | |a 86.33 |2 bkl | ||
| 084 | |a 86.09 |2 bkl | ||
| 100 | 1 | |a Tuttle, Elizabeth O. |0 (DE-627)1233365754 |0 (DE-576)16336575X |4 aut | |
| 109 | |a Tuttle, Elizabeth O. |a Tuttle, Elizabeth Orman |a Orman Tuttle, Elizabeth | ||
| 245 | 1 | 4 | |a The crusade against capital punishment in Great Britain |c Elizabeth O. Tuttle |
| 264 | 1 | |a London [u.a.] |b Stevens [u.a.] |c 1961 | |
| 300 | |a XII, 177 S. | ||
| 336 | |a Text |b txt |2 rdacontent | ||
| 337 | |a ohne Hilfsmittel zu benutzen |b n |2 rdamedia | ||
| 338 | |a Band |b nc |2 rdacarrier | ||
| 490 | 1 | |a The Library of Criminology |v 4 | |
| 500 | |a Bibliogr. S. 167 - 172 | ||
| 505 | 8 | |a Literaturverz. S. 167 - 172 | |
| 505 | 8 | |a Literaturverz. S. 167 - 172 | |
| 583 | 1 | |a Archivierung/Langzeitarchivierung gewährleistet |f SSG |x XA-DE-BW |2 pdager |5 DE-21 | |
| 583 | 1 | |a Archivierung prüfen |c 20240324 |f DE-4165 |z 1 |2 pdager | |
| 650 | 0 | |a Capital Punishment |z Great Britain | |
| 650 | 0 | 7 | |0 (DE-588)4057795-8 |0 (DE-627)106149458 |0 (DE-576)209123737 |a Strafrecht |2 gnd |
| 650 | 4 | |a Todesstrafe |7 (dpeaa)DE-2619 | |
| 651 | 7 | |0 (DE-588)4022153-2 |0 (DE-627)104665513 |0 (DE-576)208942076 |a Großbritannien |2 gnd | |
| 700 | 1 | |a Glover, Edward |4 oth | |
| 830 | 0 | |a Library of criminology |v 4 |9 4 |w (DE-627)12997580X |w (DE-576)005944864 |w (DE-600)411191-6 |7 am | |
| 889 | |w (DE-627)211207748 | ||
| 935 | |a mkri | ||
| 935 | |i mdedup | ||
| 935 | |h HEB |i 0501 | ||
| 935 | |h HEB |i 0503 | ||
| 936 | r | v | |a PH 6164 |b Einzeldarstellungen zum materiellen Strafrecht |k Rechtswissenschaft |k Strafrecht, Strafverfahrensrecht, Kriminologie |k Vergleichendes und ausländisches Straf- und Strafprozessrecht einschliesslich Strafvollzug |k Ausländisches Recht - Einzelne Länder |k Westeuropa |k Grossbritannien |k Einzeldarstellungen zum materiellen Strafrecht |0 (DE-627)1272630579 |0 (DE-625)rvk/136408:405 |0 (DE-576)202630579 |
| 936 | b | k | |a 86.33 |j Strafrecht: Allgemeines |0 (DE-627)106422413 |
| 936 | b | k | |a 86.09 |j Rechtsgeschichte |0 (DE-627)106413481 |
| 936 | s | n | |a p100 |2 mzub |
| 951 | |a BO | ||
| ELC | |b 1 | ||
| LOK | |0 000 xxxxxcx a22 zn 4500 | ||
| LOK | |0 001 2051730296 | ||
| LOK | |0 003 DE-627 | ||
| LOK | |0 004 1076590268 | ||
| LOK | |0 005 20151008132051 | ||
| LOK | |0 008 940215||||||||||||||||ger||||||| | ||
| LOK | |0 040 |a DE-21 |c DE-627 |d DE-21 | ||
| LOK | |0 852 |a DE-21 | ||
| LOK | |0 852 1 |c KB 19 A 1395 |9 00 | ||
| LOK | |0 935 |a krim | ||
| LOK | |0 939 |a 15-02-94 |b l01 | ||
| LOK | |0 000 xxxxxcx a22 zn 4500 | ||
| LOK | |0 001 205173030X | ||
| LOK | |0 003 DE-627 | ||
| LOK | |0 004 1076590268 | ||
| LOK | |0 005 20100508060638 | ||
| LOK | |0 008 991129||||||||||||||||ger||||||| | ||
| LOK | |0 040 |a DE-21-24 |c DE-627 |d DE-21-24 | ||
| LOK | |0 541 |e o.Z. | ||
| LOK | |0 852 |a DE-21-24 | ||
| LOK | |0 852 1 |c J,IXe*3,13 |m p |9 00 | ||
| LOK | |0 935 |a ALAS | ||
| LOK | |0 936ln |a J,IXe*3, | ||
| LOK | |0 938 |k p | ||
| LOK | |0 939 |a 29-11-99 |b l01 | ||
| LOK | |0 000 xxxxxcx a22 zn 4500 | ||
| LOK | |0 001 2051730318 | ||
| LOK | |0 003 DE-627 | ||
| LOK | |0 004 1076590268 | ||
| LOK | |0 005 20020607000000 | ||
| LOK | |0 008 940427||||||||||||||||ger||||||| | ||
| LOK | |0 040 |a DE-21-110 |c DE-627 |d DE-21-110 | ||
| LOK | |0 852 |a DE-21-110 | ||
| LOK | |0 852 1 |c S XVI 4 |m p |9 00 | ||
| LOK | |0 935 |a k110 | ||
| LOK | |0 936ln |a 5.6.6 | ||
| LOK | |0 938 |k p | ||
| LOK | |0 939 |a 27-04-94 |b l01 | ||
| LOK | |0 000 xxxxxcx a22 zn 4500 | ||
| LOK | |0 001 2051730202 | ||
| LOK | |0 003 DE-627 | ||
| LOK | |0 004 1076590268 | ||
| LOK | |0 005 20010419000000 | ||
| LOK | |0 008 010419||||||||||||||||ger||||||| | ||
| LOK | |0 040 |a DE-Frei85 |c DE-627 |d DE-Frei85 | ||
| LOK | |0 852 |a DE-Frei85 | ||
| LOK | |0 852 1 |m p |9 00 | ||
| LOK | |0 938 |k p | ||
| LOK | |0 939 |a 19-04-01 |b l01 | ||
| LOK | |0 000 xxxxxcx a22 zn 4500 | ||
| LOK | |0 001 4196262708 | ||
| LOK | |0 003 DE-627 | ||
| LOK | |0 004 1076590268 | ||
| LOK | |0 005 20221011150632 | ||
| LOK | |0 008 221011||||||||||||||||ger||||||| | ||
| LOK | |0 035 |a (DE-2619)k04352 | ||
| LOK | |0 040 |a DE-2619 |c DE-627 |d DE-2619 | ||
| LOK | |0 092 |o n | ||
| LOK | |0 541 |e Bestand Albert-Krebs-Bibliothek: 2015-649 | ||
| LOK | |0 852 |a DE-2619 | ||
| LOK | |0 852 1 |c LG.20.013 |m p |9 00 | ||
| LOK | |0 935 |a kreb | ||
| LOK | |0 938 |k p | ||
| LOK | |0 939 |a 11-10-22 |b l01 | ||
| ORI | |a SA-MARC-krimdoka001.raw | ||
| SIG | |a IFK: S XVI 4 | ||
| SIG | |a UB: KB 19 A 1395 | ||
